Catequesis de la comunidad familiar
Wedi'i Gadw mewn:
| Fformat: | Llyfr |
|---|---|
| Iaith: | Sbaeneg |
| Cyhoeddwyd: |
Madrid
Secretariado Nacional. Juventudes Marianas Vicencianas
1988
|
| Pynciau: | |
| Tagiau: |
Ychwanegu Tag
Dim Tagiau, Byddwch y cyntaf i dagio'r cofnod hwn!
|
MARC
| LEADER | 00000nam a2200000 a 4500 | ||
|---|---|---|---|
| 001 | UCX0298 | ||
| 003 | CL-VaPUC | ||
| 008 | 890922e19880000SP |||||||||||||||||spa|d | ||
| 082 | 0 | 4 | |a 268.6 |b CAT |2 21 |
| 245 | 1 | 0 | |a Catequesis de la comunidad familiar |
| 300 | |a 19 foll | ||
| 942 | |c BK | ||
| 945 | |d 19890922 00:00:00 | ||
| 260 | |a Madrid |b Secretariado Nacional. Juventudes Marianas Vicencianas |c 1988 | ||
| 650 | 0 | |a Catequesis |9 314526 | |
| 650 | 0 | |a Educación para la vida familiar |9 307821 | |
| 583 | |a last modification |c 19890922 00:00:00 |k Rodrigo Vera | ||
| 999 | |c 221936 |d 221934 | ||